Escenografía : (Registro nro. 21526)

Detalles MARC
000 -Cabecera
Campo de control interno 00492nam a22002057a 4500
005 - Fecha y hora del registro
control field 20260311095007.0
008 - Elementos de Longitud Fija
fixed length control field 260311b |||||||| |||| 00| 0 spa d
041 ## - Idioma
Codigo Idioma ESP
082 ## - DEWEY y NOTACIÓN INTERNA
Dewey 792.025
Notación Interna N28
100 ## - AUTOR
Autor denominación Navajas Seco, Fernando
245 ## - TÍTULO DE MATERIAL BIBLIOGRÁFICO
Título Escenografía :
Título paralelo retórica de la imagen teatral
260 ## - CIUDAD, EDITORIAL, AÑO
Ciudad :
Nombre de la Editorial ,
Año 2012
300 ## - DESCRIPCIÓN
N° Páginas 000 páginas :
Otros detalles ;
Dimensiones 00 cm.
440 ## - MENCIÓN DE SERIE
Título de la Serie ;
650 ## - TEMAS
Temas Generalidades
654 ## - PROGRAMAS
Programa Dpto. de Humanidades
700 ## - OTROS AUTORES
Otros autores ;
942 ## - ELEMENTOS DE KOHA
Tipo de documento Libro
Nombre del creador Justo Noguera
Código de catalogador Justo Noguera
Esquema de clasificación Dewey Decimal Classification
Existencias
Codigo completo Registro Colección Copia número Disponibilidad Tipo de préstamo Biblioteca Actual Procedencia (Biblioteca) Ubicacón Fecha Ingreso Tipo de Adquisición Date last seen Total checkouts Date last checked out Price effective from Tipo de Item Estado del Material Fuente de Clasificación Damaged status Withdrawn status
792.025 N28 1081506 Universidad Católica San Pablo 1 Disponible Disponible Víctor Andrés Belaunde Víctor Andrés Belaunde Segundo piso 11/03/2026 Compra 18/03/2026 1 11/03/2026 11/03/2026 Libro Bueno Dewey Decimal Classification